000 00473nam a22001577a 4500
003 OSt
005 20151117142745.0
008 151117b xxu||||| |||| 00| 0 eng d
040 _cRUA
082 _aFIS សូ 1990B144 Or.1
100 _93790
_aសូ វុឌ្ឍីនី
245 _aការចិញ្ចឹមត្រីទីឡាព្យាមូសំប៊ីកា
260 _aPhnom Penh
_bRUA
_c1990
300 _a57p.
_bill.
_c29cm.
942 _2ddc
_cFIS
999 _c3525
_d3525